00355nam a2200145Ia 450000500170000000800410001703700130005804000200007104100130009108400190010410000120012324500350013526000300017030000090020020250326124743.0250326s9999 xx 000 0 und d aTextbook aFMSLbengcFMSL aeng2eng aX:89A L3qFMSL aShore B 0aOperations managementcShore B aNYbNY, McGraw-Hillc1973 a550p